| 000 | 00667cam a2200253 4500 | ||
|---|---|---|---|
| 001 | J101 | ||
| 008 | 090401t1991 xxu||||| |||| 00| 0 eng d | ||
| 035 | _a(Sirsi) u73372 | ||
| 041 | _aeng | ||
| 050 | _a694 | ||
| 100 | _aRodwell, D.F. | ||
| 245 | _aFibre building board: types and uses. | ||
| 260 |
_aGarston, Watford _bBuilding Research Establishment _c1991 |
||
| 300 | _a(4)p. : ill. ; 30cm. | ||
| 350 | _a0 | ||
| 490 |
_aBRE Information Paper _v12/91 |
||
| 520 | _aReserve collection shelf 323 | ||
| 650 | _aHARDBOARD | ||
| 690 | _aBUILT ENVIRONMENT | ||
| 700 | _aDinwoodie, J. M. W. | ||
| 700 | _aPaxton, B.H. | ||
| 942 | _n0 | ||
| 948 | _c04/03/1997 | ||
| 999 |
_c95582 _d95582 |
||